000 00582nam a2200205 b 4500
001 bimo0001950711
003 OSt
005 20130718162525.0
008 040617s2004 sp | ||| ||spa
020 _a84-321-3476-7
040 _aSpMaBN
_bspa
_cBMC
_erdc
082 _a864
100 1 _aLeón de Molina, Nani
_91176
245 1 0 _aDibujando una realidad
_b: la seducción de lo auténtico
_cNani León de Molina
260 _aMadrid
_bRialp
_c2004
300 _a189 p.
_c19 cm
490 _aLibros de bolsillo Rialp
_v179
504 _aBibliografía p. 187-189
942 _2ddc
_cBK
999 _c1333
_d1333